| 000 | 01023nam a22002297a 4500 | ||
|---|---|---|---|
| 003 | MN-UlNLM | ||
| 005 | 20241015111437.0 | ||
| 008 | 240920s2012 mp ||||| |||| 00| 0 mon d | ||
| 020 | _a79789996231735 | ||
| 040 | _bmon | ||
| 084 |
_2NNA _a85.319 _bЭ 66 _q85 |
||
| 100 | 1 |
_aЭнхбаяр Ш., _aЧулуун Д. |
|
| 245 | 1 |
_aЦойлж яваа янзага _bЦэцэлэг сургуулийн бага насны хүүхдийн дуу хөгжмийн санд _cРед. П.Хаянхярваа _cЭрхэл. Ц.Бадамхорол |
|
| 260 | 1 |
_aУБ _bБэмби сан _c2012 |
|
| 300 | _a79х | ||
| 505 |
_tХүүхдүүдэд өргөсөн эгшигэн эрхи -- _tНэг. Уран байгаль, уянгат дуу -- _tХоёр. Араатан жигүүртэн аялгуу эгшиг -- _tГурав. Ахуй амьдрал, анир чимээ -- |
||
| 546 | _amon | ||
| 650 | _aУрлаг | ||
| 650 | _aХөгжмийн зохиол | ||
| 650 | _aДууны түүвэр | ||
| 942 | _cBK | ||
| 999 |
_c1145196 _d1145253 |
||